000 00286nam a2200121Ia 4500
008 220204s9999 xx 000 0 und d
082 _a576.3
_bSCH
100 _aSchneider, Leo
245 0 _aYou and your cells
260 _aNew York
_bHarcourt
_c1964
650 _aCytology
942 _cBK
999 _c20620
_d20620